Prostitution and morality: a definitive report on the prostitute in contemporary society and analysis of the causes and effects of the supression of prostitution
Αποθηκεύτηκε σε:
| Κύριος συγγραφέας: | |
|---|---|
| Μορφή: | Βιβλίο |
| Γλώσσα: | Ισπανικά |
| Έκδοση: |
Nueva York
Julian Press
1964
|
| Θέματα: | |
| Ετικέτες: |
Προσθήκη ετικέτας
Δεν υπάρχουν, Καταχωρήστε ετικέτα πρώτοι!
|
MARC
| LEADER | 00000nam a2200000 a 4500 | ||
|---|---|---|---|
| 001 | UCQ2060 | ||
| 003 | CL-VaPUC | ||
| 008 | 980721e19640000US |||||||||||||||||spa|d | ||
| 082 | 0 | 4 | |a 306.74 |b BEN |2 21 |
| 100 | 0 | |a Benjamin, Harry |e author |9 415933 | |
| 245 | 1 | 0 | |a Prostitution and morality: a definitive report on the prostitute in contemporary society and analysis of the causes and effects of the supression of prostitution |
| 300 | |a 495 p | ||
| 942 | |c BK | ||
| 945 | |d 19980721 00:00:00 |a crobeson | ||
| 260 | |a Nueva York |b Julian Press |c 1964 | ||
| 650 | 0 | |a Prostitución |9 344312 | |
| 650 | 0 | |a Moral |9 265913 | |
| 650 | 7 | |a DERECHO |2 CL-VaPUC |9 415934 | |
| 650 | 7 | |a MORAL SEXUAL |2 CL-VaPUC |9 395307 | |
| 650 | 0 | |a Sexo |9 257818 | |
| 650 | 0 | |a Sociedad |9 307903 | |
| 583 | |a last modification |c 20190801 06:48:22 |k Rodrigo Vera | ||
| 999 | |c 272902 |d 272900 | ||
| 952 | |0 0 |1 0 |4 0 |6 306_740000000000000_BEN_1964 |7 0 |8 A |9 308115 |a BIBENE |b BIBENE |d 2019-11-20 |i 143554K |o 306.74 BEN 1964 |p 143554K |r 2025-01-15 |w 2019-11-20 |y BK |k ICO | ||